00681cam a22002057a 4500003000500000005001700005008004100022010001000063011001000073035001000083040000900093082001700102110007500119245006500194260008800259300003100347650002700378650004000405650003000445CHAP20220817043156.0971013s1988 r 00010 d a67577 a68549 a78022 cCHAP a634.0913bF6 aFood and Fertilizer Technology Center for the Asian and Pacific Region 0aPostharvest handling of tropical and subtropical fruit crops aTaiwan :bFood and Fertilizer Technology Center for the Asian Pacific Region,c1988 a135 p.b: ilus. : gráfs.14aFrutaxAlmacenamiento.14aFrutaxFisiología y morfología.14aFruticulturaxTrópicos.